|
|
|
|
| LEADER |
00000nam a22000007a 4500 |
| 005 |
20181029114318.0 |
| 007 |
cr|||| |||| |
| 008 |
181029s2018 es |||||s|||| 00||0 spa d |
| 020 |
|
|
|a 978-84-9148-610-7
|
| 035 |
|
|
|a 21973
|
| 040 |
|
|
|a vLex
|
| 090 |
|
|
|c 8205
|d 8205
|
| 100 |
1 |
|
|a Abad Arenas, Encarnacin̤
|
| 245 |
1 |
0 |
|a Esponsales y responsabilidad en el derecho civil italiano
|h [Recurso electrn̤ico] /
|c Encarnacin̤ Abad Arenas
|
| 256 |
|
|
|a Servicio en ln̕ea
|
| 260 |
|
|
|a Madrid:
|b Dykinson,
|c 2018
|
| 300 |
|
|
|a 1 recurso electrn̤ico
|
| 500 |
|
|
|a La presente monografa̕ est ̀dedicada a la regulacin̤ de la promesa de matrimonio en el Cd̤igo civil italiano. Con el nuevo Cd̤igo civil italiano de 1942 se modifica el sistema de la promesa de matrimonio, al que se le aądira̕ un nuevo precepto dedicado a la restitucin̤ de las donaciones. Por su parte, la Ley 151, de 19 de mayo de 1975, modifica la primera parte del artc̕ulo 81, adecuǹdolo a la autorizacin̤ de menores del artc̕ulo 84. Se convierten los artc̕ulos 53 y 54 del Cd̤igo de 1865 y el 81 del Cd̤igo de 1942, en los vigentes 79, 80 y 81, y se abandona la antigua terminologa̕, introduciňdose algunos cambios que aclaran determinados extremos de la figura.
|
| 506 |
1 |
|
|a Disponible solo en los productos indicados
|d vLex Global
|d vLex Global (Academic Edition, excluding Law Schools)
|d vLex Global (U.S. Academic Edition, Law Schools)
|d vLex Global (U.S. Academic Edition, excluding Law Schools)
|d vLex Global (Academic Edition, Law Schools)
|
| 650 |
0 |
4 |
|a Derecho Civil
|z Espaą
|
| 740 |
0 |
|
|a vLex Libros (Servicio en ln̕ea)
|
| 856 |
4 |
0 |
|u http://vlex.com/source/esponsales-y-responsabilidad-en-el-derecho-civil-italiano-21973
|z Acceso restringido
|
| 942 |
|
|
|c BOOK
|
| 999 |
0 |
|
|a Civil Law
|